Study writing A course in written English for academic and professional purpose

שמור ב:
מידע ביבליוגרפי
מחבר ראשי: Liz Hamp-Lyons
פורמט: ספר
שפה:Undetermined
יצא לאור: Cambridge University Press 2002
נושאים:
תגים: הוספת תג
אין תגיות, היה/י הראשונ/ה לתייג את הרשומה!
Thư viện lưu trữ: Trung tâm Học liệu Trường Đại học Cần Thơ
LEADER 00515nam a2200181Ia 4500
001 CTU_51879
008 210402s9999 xx 000 0 und d
020 |b 202000 
082 |a 808.06 
082 |b H229 
100 |a Liz Hamp-Lyons 
245 0 |a Study writing 
245 2 |b A course in written English for academic and professional purpose 
260 |b Cambridge University Press 
260 |c 2002 
650 |a english language 
650 |x writing 
980 |a Trung tâm Học liệu Trường Đại học Cần Thơ